000 00880cam a2200301 a 4500
001 14793
003 BD-RjUL
005 20211208235707.0
008 140208r20072001nyua 001 0 eng
020 _a812650823X
020 _a9788126508235
035 _a(BD-RjUL)14847
040 _aDLC
_cDLC
_dDLC
_dBD-RjUL
_beng
041 _aeng
082 0 0 _a530
_221
_bHAF 2007
100 1 _aHalliday, David,
_d1916-
_928533
245 1 0 _aFundamentals of physics /
_bDavid Halliday, Robert Resnick, Jearl Walker.
250 _a6th ed.,
260 _aIndia :
_bWiley,
_cc2001 [Reprint 2007].
300 _avarious pagings :
_bill. (some col.) ;
_c27 cm.
504 _aIncludes index.
650 0 _aPhysics.
_946081
700 1 _aResnick, Robert,
_d1923-
_946082
700 1 _aWalker, Jearl,
_d1945-
_946083
942 _2ddc
_cBK
999 _c14793
_d14793